Fr. Conceicao Rodrigues College of Engineering

Telecommunications databook (Record no. 31988)

MARC details
000 -LEADER
fixed length control field 00329nam a2200133Ia 4500
100 ## - MAIN ENTRY--PERSONAL NAME
Personal name Natioanal Semi conductor
245 ## - TITLE STATEMENT
Title Telecommunications databook
260 ## - PUBLICATION, DISTRIBUTION, ETC.
Name of publisher, distributor, etc. National semiconductor corpn.
Place of publication, distribution, etc. California
Date of publication, distribution, etc. 1987
546 ## - LANGUAGE NOTE
Language note ENGLISH
650 ## - SUBJECT ADDED ENTRY--TOPICAL TERM
Topical term or geographic name entry element Automobiles
654 ## - SUBJECT ADDED ENTRY--FACETED TOPICAL TERMS
Focus term Telecommunications
942 ## - ADDED ENTRY ELEMENTS (KOHA)
Koha item type Reference Book
Holdings
Withdrawn status Lost status Damaged status Not for loan Collection Home library Current library Date acquired Source of acquisition Cost, normal purchase price Inventory number Total Checkouts Full call number Barcode Date last seen Cost, replacement price Price effective from Koha item type
        CRC Fr. Agnel's C.Rodrigues College of Engineering Fr. Agnel's C.Rodrigues College of Engineering 17/03/2023 Progressive Books 140.00 2056 dt 05.9.92   3807 17/03/2023 140.00 05/09/1992 Reference Book